000 01126 a2200241 4500
001 47156
005 20260407155740.0
008 260407a1968 arg spa d
003 AR-UNSa-BCEJYS
040 _aAR-UNSa-BCEJYS
_bspa
_cAR-UNSa-BCEJYS
080 _a330.834
_xKeynes y el keynesianismo. Neokeynesianismo. Poskeynesianismo
245 1 0 _aAnálisis de Keynes y de la economía Keynesiana
_pun estudio de teoría monetaria
020 _a978-84-316-1422-5
264 1 _aBarcelona :
_bVicens-Vives
_c1968
300 _a392 p.
_c22 cm.
505 _a1. Introducción - 2. Desequilibrio con paro:procesos dinámicos y el método estático comparativo - 3. La estructura agregada de modelos alternativos - 4. La teoría general de la preferencia por la liquidez - 5. Keynes y la teoría monetaria Poskeynesiana - 6. Dos apéndice -
942 _cBK
590 _aniveau_biblio:m niveau_hierar:0
100 1 _aLeijonhufvud, Axel
700 1 _aAubareda Vives, José
700 1 _aMarquillas, Juan María Esteban
856 4 1 _uhttps://www.biblioeco.unsa.edu.ar/pmb/images/libros/L127404.jpg
_yImagen de portada
_qimage/jpeg
999 _c4297
_d4297